المؤلفات السياسية الكبرى : (Record no. 15704)
[ view plain ]
| 000 -الفاتح | |
|---|---|
| حقل البيانات ثابتة الطول | 01071nam a22001937a 4500 |
| 008 - عناصر البيانات ثابتة الطول - معلومات عامة | |
| حقل البيانات ثابتة الطول | 110719t xxu||||| |||| 00| 0 ara d |
| 082 ## - رقم تصنيف ديوى العشرى | |
| رقم الطبعة | 22 |
| رقم المادة | م ر ق |
| رقم التصنيف | 320.09 |
| 100 1# - المدخل الرئيسى - إسم شخصى | |
| 9 (RLIN) | 26337 |
| الإسم الشخصى | جان جاك شفاليه |
| الدور | مؤلف |
| 245 ## - بيان العنوان | |
| العنوان | المؤلفات السياسية الكبرى : |
| بقية العنوان | من ماكيافل إلى أيامنا / |
| بيان المسئوليه,etc | جان جاك شفاليه ؛ ترجمة الياس مرقص |
| 260 ## - PUBLICATION, DISTRIBUTION, ETC. (IMPRINT) | |
| مكان الناشر او الموزع | بيروت : |
| اسم الناشر او الموزع | دار الحقيقة ، |
| تاريخ النشر أو التوزيع | 1980 . |
| 300 ## - الوصف المادى | |
| التعداد | 389 ص : |
| أبعاد الوعاء | 24 سم . |
| 500 ## - تبصرة عامة | |
| تبصرة عامة | ترجمة كتاب Jean- Jacques Chevallier.- Les Grandes oeuvres Politiques de Mackiavel a nos jours.- preface de Andre Siegfried.- Armand Colin, Paris, 1949. |
| 504 ## - تبصرة ببليوجرافية | |
| تبصرة ببليوجرافية,الخ | يحتوي علي ارجاعات ببليوجرافية |
| 650 ## - المدخل الاضافى بالموضوع-مصطلح موضوعى | |
| 9 (RLIN) | 26772 |
| مصطلح موضوعي أو اسم جغرافي كعنصر مدخل | السياسة |
| التقسيم الفرعي العام | تاريخ |
| 650 ## - المدخل الاضافى بالموضوع-مصطلح موضوعى | |
| 9 (RLIN) | 16238 |
| مصطلح موضوعي أو اسم جغرافي كعنصر مدخل | السياسة |
| 700 ## - المدخل الاضافى - اسم شخصى | |
| 9 (RLIN) | 20444 |
| الإسم الشخصى | مرقص ، الياس |
| الدور | مترجم |
| 942 ## - عناصر المدخل الإضافي( كوها) | |
| مصدر التصنيف او مخطط الترفيف | Dewey Decimal Classification |
| Koha [default] item type | Book - Borrowing |
| حالة التراجع | حالة الفقد | مصدر التصنيف او خطة الترفيف | حالة تلف | ليس للاعارة | مجموعات كوها | المكان الدائم | المكان الحالي | موقع الترفيف | تاريخ الاكتساب | Source of acquisition | رقم الاستدعاء | الباركود | Date last seen | نوع الوعاء |
|---|---|---|---|---|---|---|---|---|---|---|---|---|---|---|
| Dewey Decimal Classification | Alef-Baa | Central Library | Central Library | First floor | 19/07/2011 | 320.09 م ر ق | 000023042 | 15/07/2025 | Book - Borrowing |